| 000 -LEADER |
| fixed length control field |
00907nam a2200277Ia 4500 |
| 001 - CONTROL NUMBER |
| control field |
18248 |
| 003 - CONTROL NUMBER IDENTIFIER |
| control field |
GE_BSU |
| 008 - FIXED-LENGTH DATA ELEMENTS--GENERAL INFORMATION |
| fixed length control field |
181216s||||||||xx |||||||||||||| ||und|| |
| 020 ## - INTERNATIONAL STANDARD BOOK NUMBER |
| International Standard Book Number |
9780702052538 |
| 040 ## - CATALOGING SOURCE |
| Transcribing agency |
GE_BSU |
| 080 ## - UNIVERSAL DECIMAL CLASSIFICATION NUMBER |
| Universal Decimal Classification number |
611(084.4) |
| 245 ## - TITLE STATEMENT |
| Title |
Sobotta:Atlas of Human Anatomy:Head,Neck,and Neuroanatomy |
| 245 ## - TITLE STATEMENT |
| Statement of responsibility, etc. |
Edited by:F.Paulsen,and J.Waschke.Translated by:T. Klonisch and S.Hombach- Klonisch |
| 250 ## - EDITION STATEMENT |
| Edition statement |
15 th edition |
| 260 ## - PUBLICATION, DISTRIBUTION, ETC. |
| Place of publication, distribution, etc. |
Munchen |
| 260 ## - PUBLICATION, DISTRIBUTION, ETC. |
| Name of publisher, distributor, etc. |
Elsevier |
| 260 ## - PUBLICATION, DISTRIBUTION, ETC. |
| Date of publication, distribution, etc. |
2011 |
| 300 ## - PHYSICAL DESCRIPTION |
| Extent |
370 pages,ill,col,32cm. |
| 300 ## - PHYSICAL DESCRIPTION |
| Other physical details |
569 Colored Plates with 627 Figures |
| 653 ## - INDEX TERM--UNCONTROLLED |
| Uncontrolled term |
Atlas of Human Anatomy |
| 653 ## - INDEX TERM--UNCONTROLLED |
| Uncontrolled term |
ადამიანის ანატომიის ატლასი |
| 653 ## - INDEX TERM--UNCONTROLLED |
| Uncontrolled term |
თავისა და კისრის ნეიროანატომია |
| 653 ## - INDEX TERM--UNCONTROLLED |
| Uncontrolled term |
მედიცინა |
| 942 ## - ADDED ENTRY ELEMENTS (KOHA) |
| Koha item type |
წიგნი |